LEADER 01700nam 2200409Ia 450 001 996386773803316 005 20200824132010.0 035 $a(CKB)4940000000076868 035 $a(EEBO)2240954456 035 $a(OCoLC)ocm12383666e 035 $a(OCoLC)12383666 035 $a(EXLCZ)994940000000076868 100 $a19850814d1650 uy | 101 0 $aeng 135 $aurbn||||a|bb| 200 14$aThe cruell subtilty of ambtioin [sic]$b[electronic resource] $ediscovered in a discourse concerning the King of Spaines surprizing the Valteline /$fwritten in Italian by the author of the Historie of the Counsell of Trent ; translated by the renowned Sir Thomas Roe, Knight ... with his epistle to the House of Commons in Parliament .. 210 $aLondon $cPrinted for William Lee ...$d1650 215 $a[2], 101 p 300 $aRoe's translation first published in 1628 as: A discourse upon the reasons of the resolution taken in the Valteline against the tyranny of the Grisons and heretiques. Cf. DNB, v. 49, p. 93. 300 $aAttributed to Paolo Sarpi. Cf. NUC pre-1956. 300 $aIrregular pagination. 300 $aReproduction of original in British Library. 300 $aMarginal notes. 330 $aeebo-0018 607 $aValtellina Valley (Italy)$xHistory$y16th century 607 $aGraubu?nden (Switzerland)$xHistory$y16th century 700 $aSarpi$b Paolo$f1552-1623.$0152870 701 $aRoe$b Thomas$cSir,$f1581?-1644.$01006187 801 0$bEAA 801 1$bEAA 801 2$bm/c 801 2$bEAA 801 2$bWaOLN 906 $aBOOK 912 $a996386773803316 996 $aThe cruell subtilty of ambtioin$92351372 997 $aUNISA LEADER 02145oam 2200565M 450 001 9910716141003321 005 20200213070927.4 035 $a(CKB)5470000002518706 035 $a(OCoLC)1065611316 035 $a(OCoLC)995470000002518706 035 $a(EXLCZ)995470000002518706 100 $a20071213d1926 ua 0 101 0 $aeng 135 $aurcn||||||||| 181 $ctxt$2rdacontent 182 $cc$2rdamedia 183 $acr$2rdacarrier 200 10$aGranting easements in and upon public lands and properties at Canal Bridge, Wis. June 18, 1926. -- Committed to the Committee of the Whole House on the State of the Union and ordered to be printed 210 1$a[Washington, D.C.] :$c[U.S. Government Printing Office],$d1926. 215 $a1 online resource (2 pages) 225 1 $aHouse report / 69th Congress, 1st session. House ;$vno. 1517 225 1 $a[United States congressional serial set ] ;$v[serial no. 8534] 300 $aBatch processed record: Metadata reviewed, not verified. Some fields updated by batch processes. 300 $aFDLP item number not assigned. 606 $aBridge construction industry 606 $aBridges$xDesign and construction 606 $aBridges 606 $aServitudes 606 $aRight of way 606 $aRoads$xDesign and construction 606 $aRoads 608 $aLegislative materials.$2lcgft 615 0$aBridge construction industry. 615 0$aBridges$xDesign and construction. 615 0$aBridges. 615 0$aServitudes. 615 0$aRight of way. 615 0$aRoads$xDesign and construction. 615 0$aRoads. 701 $aDempsey$b S. Wallace$g(Stephen Wallace),$f1862-1949$pRepublican (NY)$01389930 801 0$bWYU 801 1$bWYU 801 2$bOCLCO 801 2$bOCLCQ 801 2$bOCLCO 801 2$bOCLCQ 906 $aBOOK 912 $a9910716141003321 996 $aGranting easements in and upon public lands and properties at Canal Bridge, Wis. June 18, 1926. -- Committed to the Committee of the Whole House on the State of the Union and ordered to be printed$93463509 997 $aUNINA